| 000 | 00000nam##2200000za#4500 |
| 001 | 9.612409 |
| 003 | CaOODSP |
| 005 | 20210929082756 |
| 007 | ta |
| 008 | 150406|1995||||xxc||||| f|0| 0 eng|d |
| 020 | |a0-662-23574-6 |
| 040 | |aCaOODSP|beng |
| 043 | |an-cn--- |
| 086 | 1 |aFo29-6/43-1995E |
| 110 | 1 |aCanada. |bNatural Resources Canada. |bCanadian Forest Service. |
| 245 | 10|aCommon pine needle casts and blights in the Pacific region / |cby R. S. Hunt. |
| 260 | |aVictoria - British Columbia : |bNatural Resources Canada. |c1995. |
| 300 | |a8p. : |bfigs., references ; |c28 cm. |
| 490 | 1 |aForest pest leaflet|v43 |
| 590 | |a95-35|b1995-09-01 |
| 690 | 07|aPlant diseases|2gcpds |
| 720 | 1 |aHunt, R. S. |
| 776 | 0#|tCommon pine needle casts and blights in the Pacific Region / |w(CaOODSP)9.573487 |
| 830 | #0|aForest pest leaflet ;|v43|w(CaOODSP)9.514653 |